skbl

Dr Suryya Kumar Bhuyan Library Web-OPAC
ডঃ সূৰ্য্য
কুমাৰ ভূঞা পুথিভঁৰাল ৱেব-অ'পেক

All Research Scholars are advised to clear the annual library fees to continue using Library Resources, Remote Access, Plagiarism Test and Library Clearance.

Cotton University Book Fair 2026

Haiyaati (Record no. 65205)

MARC details
000 -LEADER
fixed length control field 00428nam a2200169Ia 4500
001 - CONTROL NUMBER
control field 64105
008 - FIXED-LENGTH DATA ELEMENTS--GENERAL INFORMATION
fixed length control field 191204n ii |||gr||||Z||||||465
082 ## - DEWEY DECIMAL CLASSIFICATION NUMBER
Classification number 892.7
100 ## - MAIN ENTRY--PERSONAL NAME
Personal name Amin, Ahmad,
Relator term Author.
245 #0 - TITLE STATEMENT
Title Haiyaati
Statement of responsibility, etc. by Ahmad Amin
Medium Textual Documents
260 ## - PUBLICATION, DISTRIBUTION, ETC.
Place of publication, distribution, etc. Deoband:
Name of publisher, distributor, etc. Darul Maarif.
300 ## - PHYSICAL DESCRIPTION
Extent 301p:
Dimensions 23cm.
653 ## - INDEX TERM--UNCONTROLLED
Uncontrolled term Arabic
653 ## - INDEX TERM--UNCONTROLLED
Uncontrolled term Arabic, Aarabic literature
653 ## - INDEX TERM--UNCONTROLLED
Uncontrolled term PG-Arabic
942 ## - ADDED ENTRY ELEMENTS (KOHA)
Source of classification or shelving scheme Dewey Decimal Classification
Koha item type Books
Holdings
Withdrawn status Lost status Damaged status Not for loan Collection Home library Current library Shelving location Date acquired Total checkouts Full call number Barcode Date last seen Copy number Price effective from Koha item type
          Dr. Suryya Kumar Bhuyan Library Dr. Suryya Kumar Bhuyan Library   04/12/2019   892.7 Am 54 Ha 998/cu 14/01/2024 1 04/12/2019 Books

Designed and Maintained by Team SKBL
©1901-2026

Powered by Koha